[Event "Biel Master Open"]
[Site "Biel SUI"]
[Date "2019.07.29"]
[Round "7.4"]
[White "Vincent Keymer"]
[Black "Eduardo Patricio Iturrizaga Bonelli"]
[Result "0-1"]
[EventDate "2019.07.22"]
[WhiteElo "2513"]
[BlackElo "2625"]
[PlyCount "132"]

1. d4 Nf6 2. c4 e6 3. Nf3 Bb4+ 4. Nbd2 O-O 5. a3 Be7 6. e4 d6 7. Be2 Nbd7 8. b4 e5 9. d5 Re8 10. Bd3 c6 11. O-O Nf8 12. Re1 Ng6 13. g3 Bg4 14. Bb2 a5 15. Qb3 Qd7 16. Bf1 h6 17. Bg2 cxd5 18. cxd5 b5 19. Nf1 Qb7 20. Ne3 Bd7 21. Nf5 Bf8 22. Bh3 Rec8 23. Nd2 axb4 24. axb4 Ra4 25. Rac1 Raa8 26. Kg2 Qb6 27. Ne3 Bxh3+ 28. Kxh3 Qb7 29. Kg2 Qd7 30. f3 Ne7 31. Nb1 h5 32. Rxc8 Rxc8 33. Qd3 g6 34. Na3 Bh6 35. Nd1 Bc1 36. Bxc1 Rxc1 37. Nxb5 h4 38. Nbc3 Kg7 39. Qd2 Ra1 40. Nf2 Ra8 41. Rc1 Rh8 42. g4 Qa7 43. Ncd1 Rb8 44. Ne3 Nh7 45. Nc4 Qd7 46. h3 f6 47. Nd3 Ng5 48. Na5 Ra8 49. Rc4 Qb5 50. Rc7 Kf8 51. Qc3 Qb6 52. Nf2 Rb8 53. Rc4 Ra8 54. f4 Nf7 55. f5 Ng5 56. Nd1 Qb5 57. Qc2 gxf5 58. gxf5 Nxd5 59. exd5 Qxd5+ 60. Kg1 Nf3+ 61. Kf2 Nd4 62. Rc8+ Kg7 63. Qc7+ Kh6 64. Qc1+ Kh5 65. Rc3 Rg8 66. Qe3 Qh1 0-1

[Event "Biel Master Open"]
[Site "Biel SUI"]
[Date "2019.07.28"]
[Round "6.5"]
[White "Viktor Erdos"]
[Black "Vincent Keymer"]
[Result "1/2-1/2"]
[EventDate "2019.07.22"]
[WhiteElo "2603"]
[BlackElo "2513"]
[PlyCount "115"]

1. Nf3 d5 2. d4 Nf6 3. c4 e6 4. Nc3 c5 5. cxd5 Nxd5 6. e4 Nxc3 7. bxc3 cxd4 8. cxd4 Bb4+ 9. Bd2 Bxd2+ 10. Qxd2 O-O 11. Bc4 Nd7 12. O-O b6 13. Rad1 Bb7 14. Rfe1 Rc8 15. Bb3 h6 16. h3 Nf6 17. d5 exd5 18. exd5 Re8 19. Rxe8+ Qxe8 20. Qf4 Qe4 21. Qe5 Re8 22. Qc7 Bxd5 23. Re1 Qxf3 24. gxf3 Rxe1+ 25. Kg2 Bxb3 26. axb3 g6 27. f4 Re6 28. Qxa7 Nh5 29. Qc7 Ng7 30. Qd8+ Kh7 31. Kf1 Nh5 32. f5 gxf5 33. Qf8 Kg6 34. Qg8+ Ng7 35. h4 h5 36. Qd8 Kh7 37. Qg5 Kg8 38. Qd8+ Kh7 39. Qc7 Kg6 40. b4 Ne8 41. Qg3+ Kh7 42. Qf3 Ng7 43. Qb7 Kg6 44. Qg2+ Kh7 45. Qb7 Kg6 46. b5 Ne8 47. Qb8 Ng7 48. f3 Kh7 49. Kf2 Kg6 50. Kg3 Kh7 51. Kf4 Kg6 52. Qa7 Ne8 53. Qa1 Ng7 54. Qb1 Kh7 55. Kg5 Rg6+ 56. Kf4 Re6 57. Qd1 Kg6 58. Qg1+ 1/2-1/2

[Event "Biel Master Open"]
[Site "Biel SUI"]
[Date "2019.07.26"]
[Round "5.7"]
[White "Vincent Keymer"]
[Black "Haik M Martirosyan"]
[Result "1-0"]
[EventDate "2019.07.22"]
[WhiteElo "2513"]
[BlackElo "2619"]
[PlyCount "117"]

1. d4 Nf6 2. c4 g6 3. g3 Bg7 4. Bg2 O-O 5. Nc3 d6 6. Nf3 Nbd7 7. O-O e5 8. e4 c6 9. h3 Qa5 10. Be3 exd4 11. Bxd4 Re8 12. Re1 a6 13. a3 Qc7 14. Rc1 b6 15. Nd2 Bb7 16. f4 Re7 17. Qc2 Rae8 18. Bf2 b5 19. b4 h5 20. c5 dxc5 21. e5 cxb4 22. axb4 c5 23. Bxb7 Qxb7 24. exf6 Rxe1+ 25. Rxe1 Rxe1+ 26. Bxe1 Bxf6 27. bxc5 Nxc5 28. Bf2 Be7 29. Nde4 Ne6 30. Qd3 h4 31. Nd5 hxg3 32. Nxg3 f5 33. Ne2 Bd8 34. h4 a5 35. h5 gxh5 36. Ng3 b4 37. Qxf5 Qf7 38. Qe5 h4 39. Nf5 Kh7 40. Kh2 Qg6 41. Bxh4 Ng7 42. Nxg7 Bxh4 43. Nh5 b3 44. Ndf6+ Kh6 45. f5 Bxf6 46. Nxf6 Qg5 47. Ne4 Qh4+ 48. Kg2 Qg4+ 49. Ng3 Qc4 50. Qh8+ Kg5 51. Qg7+ Kf4 52. Kh3 Kf3 53. Qb7+ Ke3 54. f6 Qe6+ 55. Kg2 b2 56. Qxb2 Qd5+ 57. Kh2 a4 58. Qe2+ Kf4 59. f7 1-0

[Event "Sunway Sitges Open 2018"]
[Site "Sitges ESP"]
[Date "2018.12.23"]
[Round "10.13"]
[White "Xiangyu Xu"]
[Black "Vincent Keymer"]
[Result "1-0"]
[EventDate "2018.12.14"]
[WhiteElo "2565"]
[BlackElo "2508"]
[PlyCount "150"]

1. e4 c5 2. Nc3 d6 3. d4 cxd4 4. Qxd4 Nf6 5. b3 g6 6. Bb2 Bg7 7. O-O-O O-O 8. Kb1 Nc6 9. Qd2 a5 10. f3 Be6 11. Bb5 Qb6 12. Nge2 Rfc8 13. h4 h5 14. Nf4 Nb4 15. Nxe6 fxe6 16. a3 Rxc3 17. Qxc3 Qxb5 18. axb4 axb4 19. Qc4 Qa5 20. Qxe6+ Kf8 21. Kc1 Bh6+ 22. Rd2 Bxd2+ 23. Kxd2 Qd8 24. g4 Qd7 25. Qxd7 Nxd7 26. gxh5 gxh5 27. f4 Nc5 28. e5 Kf7 29. Rg1 Ke6 30. exd6 exd6 31. Bd4 b6 32. Rg6+ Kf5 33. Rg5+ Ke4 34. Bb2 Kxf4 35. Rxh5 Rg8 36. Rd5 Rg2+ 37. Kc1 Ne4 38. Bd4 Rh2 39. Kb2 Rxh4 40. Rb5 Rh2 41. Rxb4 Kf5 42. Bxb6 d5 43. Ba7 Ke6 44. Rb7 Rg2 45. Rc7 Kd6 46. Bb6 Rg8 47. Rh7 Ng5 48. Bc7+ Kc6 49. Re7 Rf8 50. Bg3 Ne4 51. Be5 Rf2 52. Re6+ Kd7 53. Rg6 Re2 54. Bd4 Rd2 55. Bg1 Rd1 56. Ba7 Re1 57. Rh6 Re2 58. Ra6 Kc7 59. Bd4 Nd6 60. Ra5 Rd2 61. Rxd5 Kc6 62. Rc5+ Kb7 63. Bc3 Rg2 64. Re5 Kc6 65. Bd4 Nf7 66. Rc5+ Kd6 67. b4 Ng5 68. Be5+ Ke6 69. Bf4 Nf3 70. b5 Rg4 71. Be3 Re4 72. Bf2 Re2 73. b6 Ne5 74. b7 Nd7 75. Bg3 1-0

[Event "Sunway Sitges Open 2018"]
[Site "Sitges ESP"]
[Date "2018.12.22"]
[Round "9.22"]
[White "Vincent Keymer"]
[Black "Elizaveta Solozhenkina"]
[Result "1-0"]
[EventDate "2018.12.14"]
[WhiteElo "2508"]
[BlackElo "2258"]
[PlyCount "82"]

1. Nf3 Nf6 2. c4 e6 3. Nc3 d5 4. e3 Bd6 5. b3 O-O 6. Bb2 b6 7. Rc1 a6 8. cxd5 exd5 9. g3 Bb7 10. d4 Nbd7 11. Bg2 Qe7 12. O-O Ne4 13. Ne2 a5 14. Nf4 a4 15. b4 Bxf4 16. gxf4 Qxb4 17. Rxc7 Qxb2 18. Rxb7 Ndf6 19. Qb1 Qxb1 20. Rxb1 Nc3 21. Rb2 Rfb8 22. Rxb8+ Rxb8 23. Ne5 h6 24. Nc6 Rb7 25. Rc2 Nb5 26. Bf1 Nc7 27. Nb4 Kf8 28. Bd3 g6 29. f3 Kg7 30. Kf2 Ne6 31. Bb5 Ra7 32. Rc6 Nc7 33. Bd3 Rb7 34. h3 h5 35. e4 Ne6 36. Ke3 g5 37. fxg5 Nxg5 38. e5 Nd7 39. f4 Ne6 40. Nxd5 b5 41. f5 1-0

[Event "Sunway Sitges Open 2018"]
[Site "Sitges ESP"]
[Date "2018.12.20"]
[Round "7.25"]
[White "Vincent Keymer"]
[Black "O'Donnell, Conor"]
[Result "1-0"]
[EventDate "2018.12.14"]
[WhiteElo "2508"]
[BlackElo "2346"]
[PlyCount "112"]

1. c4 e6 2. Nf3 d5 3. e3 Nf6 4. Nc3 c5 5. cxd5 Nxd5 6. Nxd5 Qxd5 7. b3 Be7 8. Bb2 O-O 9. Bc4 Qd8 10. O-O Nc6 11. Qb1 b6 12. d4 cxd4 13. Bd3 g6 14. Be4 Bd7 15. Nxd4 Rc8 16. Qd1 Bc5 17. Nxc6 Bxc6 18. Qf3 Bxe4 19. Qxe4 Qe7 20. Rad1 Ba3 21. Ba1 Rfd8 22. Rd4 f6 23. Rfd1 e5 24. Rd5 Rxd5 25. Qxd5+ Kf8 26. g4 Rc2 27. g5 fxg5 28. Bxe5 Rc8 29. Bg3 h5 30. h3 Re8 31. Qc6 Qe6 32. Qxe6 Rxe6 33. Rd7 a5 34. Rd5 Be7 35. Be5 Rc6 36. Bd4 Kf7 37. Kg2 Ke6 38. Rb5 Bd8 39. a4 Rd6 40. Kf3 Rd5 41. Ke4 Rxb5 42. axb5 Bc7 43. f3 Bd8 44. Be5 Be7 45. Bc7 Bc5 46. Bd8 Kd6 47. Bxg5 Ke6 48. Bd8 Kf7 49. Kd5 Ke8 50. Bg5 Kd7 51. e4 Bf2 52. Bf6 Bg3 53. e5 Bf2 54. e6+ Kc7 55. Be5+ Kd8 56. Bd4 1-0

[Event "Sunway Sitges Open 2018"]
[Site "Sitges ESP"]
[Date "2018.12.19"]
[Round "6.17"]
[White "Krishna Teja, N"]
[Black "Vincent Keymer"]
[Result "1-0"]
[EventDate "2018.12.14"]
[WhiteElo "2340"]
[BlackElo "2508"]
[PlyCount "48"]

1. Nf3 d5 2. d4 Nf6 3. c4 e6 4. Nc3 c5 5. cxd5 Nxd5 6. e4 Nxc3 7. bxc3 cxd4 8. cxd4 Bb4+ 9. Bd2 Bxd2+ 10. Qxd2 O-O 11. Bc4 Nd7 12. O-O b6 13. d5 Nf6 14. Qf4 exd5 15. Rad1 Bb7 16. exd5 Rc8 17. d6 Bxf3 18. gxf3 Nh5 19. Qg4 Rc5 20. Kh1 Nf6 21. Qf4 Qc8 22. Rg1 Rf5 23. Qh6 g6 24. d7 1-0

[Event "Sunway Sitges Open 2018"]
[Site "Sitges ESP"]
[Date "2018.12.18"]
[Round "5.22"]
[White "Vincent Keymer"]
[Black "Lillo Castay, Victor"]
[Result "1-0"]
[EventDate "2018.12.14"]
[WhiteElo "2508"]
[BlackElo "2336"]
[PlyCount "56"]

1. Nf3 d5 2. e3 Nf6 3. c4 e6 4. Nc3 c5 5. cxd5 exd5 6. d4 a6 7. Be2 Nc6 8. O-O Bd6 9. dxc5 Bxc5 10. b3 O-O 11. Bb2 Ba7 12. Na4 Ne4 13. Nd4 Qh4 14. Nxc6 bxc6 15. Rc1 Nxf2 16. Rxf2 Bxe3 17. Qf1 Bd7 18. Rc3 Qe7 19. Rxe3 Qxe3 20. Ba3 Rfe8 21. Bc5 d4 22. Nb6 Rad8 23. Nc4 Qc3 24. Rf3 Qc2 25. Bd3 Qxa2 26. Nd6 Be6 27. Nxe8 Rxe8 28. Bxd4 1-0

[Event "Sunway Sitges Open 2018"]
[Site "Sitges ESP"]
[Date "2018.12.17"]
[Round "4.8"]
[White "Aleksandar Indjic"]
[Black "Vincent Keymer"]
[Result "1-0"]
[EventDate "2018.12.14"]
[WhiteElo "2620"]
[BlackElo "2508"]
[PlyCount "98"]

1. d3 d5 2. Nd2 Nf6 3. Ngf3 Nc6 4. e4 e5 5. c3 a5 6. Be2 Bc5 7. O-O O-O 8. b3 Re8 9. a3 d4 10. cxd4 Nxd4 11. Bb2 b6 12. Nxd4 Bxd4 13. Bxd4 Qxd4 14. Qc2 c5 15. Nc4 b5 16. Nd2 Ba6 17. Rac1 Rac8 18. Rfd1 Re7 19. g3 g6 20. Bf1 Qd6 21. Qc3 b4 22. Qa1 Rcc7 23. axb4 axb4 24. Qa5 Bc8 25. Rc2 Rc6 26. Rdc1 Rec7 27. d4 Qxd4 28. Bb5 Nxe4 29. Nxe4 Qxe4 30. Bxc6 Rxc6 31. Qa8 Kg7 32. Rxc5 Rxc5 33. Qxe4 Rxc1+ 34. Kg2 Rc5 35. Qxb4 Rd5 36. Qc3 Bb7 37. f3 g5 38. Kf2 Kg6 39. Qc7 Rb5 40. b4 e4 41. Qd7 Rb6 42. f4 gxf4 43. gxf4 e3+ 44. Kxe3 Re6+ 45. Kd4 Bc6 46. f5+ Kxf5 47. Qxf7+ Rf6 48. Qxh7+ Kg5 49. Ke5 1-0

[Event "Sunway Sitges Open 2018"]
[Site "Sitges ESP"]
[Date "2018.12.16"]
[Round "3.22"]
[White "Vincent Keymer"]
[Black "Bobadilla Viera, Jorge Samuel"]
[Result "1-0"]
[EventDate "2018.12.14"]
[WhiteElo "2508"]
[BlackElo "2302"]
[PlyCount "46"]

1. d4 g6 2. c4 Bg7 3. Nf3 d6 4. g3 Nd7 5. Bg2 e5 6. Nc3 Ne7 7. O-O O-O 8. h3 h6 9. e4 Nc6 10. Be3 exd4 11. Nxd4 Re8 12. b3 Nc5 13. Qd2 Bd7 14. Rad1 Nxd4 15. Bxd4 Bc6 16. Bxg7 Kxg7 17. b4 Ne6 18. b5 Bd7 19. e5 Nc5 20. exd6 cxd6 21. Qd4+ Qf6 22. Qxf6+ Kxf6 23. Nd5+ 1-0

[Event "Sunway Sitges Open 2018"]
[Site "Sitges ESP"]
[Date "2018.12.15"]
[Round "2.24"]
[White "Garcia Ramos, Daniel"]
[Black "Vincent Keymer"]
[Result "1/2-1/2"]
[EventDate "2018.12.14"]
[WhiteElo "2304"]
[BlackElo "2508"]
[PlyCount "142"]

1. e4 c5 2. Nf3 d6 3. d4 cxd4 4. Nxd4 Nf6 5. Nc3 a6 6. f3 e5 7. Nb3 Be6 8. Be3 h5 9. Qd2 Nbd7 10. O-O-O Rc8 11. Kb1 Be7 12. a3 b5 13. Bg5 Qc7 14. h4 O-O 15. g4 Nb6 16. gxh5 d5 17. Rg1 Rfd8 18. Bd3 d4 19. Bh6 dxc3 20. Rxg7+ Kh8 21. Qg2 Rg8 22. Rg1 Ng4 23. Rxg8+ Rxg8 24. fxg4 cxb2 25. Qf2 Na4 26. Bg5 Rxg5 27. hxg5 Bxg5 28. Qe1 Kh7 29. Rf1 Qd7 30. Rf5 Bxf5 31. exf5 e4 32. Bxe4 Qe8 33. f6+ Kh8 34. Nd2 Bxf6 35. g5 Be5 36. Bf5 Nc3+ 37. Kxb2 Ne2+ 38. Kb1 Bg3 39. Qh1 Nc3+ 40. Kb2 Na4+ 41. Ka2 Bf4 42. Qg2 Qg8 43. Nb3 Nc3+ 44. Kb2 Nd1+ 45. Ka2 Ne3 46. Qc6 Qxg5 47. Bd3 Nd5 48. h6 Qd8 49. Nc5 Nf6 50. Nxa6 Bxh6 51. Qxb5 Qd4 52. Qb2 Qd5+ 53. Qb3 Qd7 54. Qb8+ Kg7 55. Qg3+ Kf8 56. Qb8+ Kg7 57. Qc7 Qg4 58. Bc4 Qg6 59. Nb4 Bg5 60. Qe5 Bd2 61. Bd3 Qg4 62. Nd5 Qe6 63. Qxe6 fxe6 64. Nxf6 Kxf6 65. Kb3 Ke5 66. Kc4 Be3 67. a4 Kd6 68. Kb5 e5 69. a5 Bg1 70. Be4 Bf2 71. Ka6 Kc7 1/2-1/2

[Event "Isle of Man Masters"]
[Site "Douglas IMN"]
[Date "2018.10.20"]
[Round "1.72"]
[White "Martin P Burrows"]
[Black "Vincent Keymer"]
[Result "0-1"]
[EventDate "2018.10.20"]
[WhiteElo "2121"]
[BlackElo "2491"]
[PlyCount "70"]

1. e4 c5 2. Nf3 d6 3. d4 cxd4 4. Nxd4 Nf6 5. Nc3 a6 6. h3 e6 7. g4 Nfd7 8. Be3 b5 9. a3 Bb7 10. Qd2 Be7 11. g5 Nc6 12. h4 O-O 13. Rg1 Rc8 14. Nxc6 Rxc6 15. h5 Ne5 16. Rg3 Nc4 17. Bxc4 Rxc4 18. f3 Qc7 19. Bd4 Rc8 20. Rg2 b4 21. axb4 d5 22. e5 Bxb4 23. g6 fxg6 24. hxg6 h6 25. f4 Qe7 26. Rg4 Qf8 27. Rg3 a5 28. Kf1 Qf5 29. Kg2 Rxd4 30. Qxd4 Bc5 31. Qd1 d4+ 32. Kh2 dxc3 33. bxc3 Qxf4 34. Kh3 Bf2 35. Rg4 Rxc3+ 0-1

[Event "Bundesliga 2017/18"]
[Site "Deizisau GER"]
[Date "2018.02.25"]
[Round "10.4"]
[White "Vincent Keymer"]
[Black "Arnd Lauber"]
[Result "0-1"]
[EventDate "2017.10.21"]
[WhiteElo "2413"]
[BlackElo "2423"]
[PlyCount "108"]

1. d4 Nf6 2. c4 c5 3. d5 b5 4. cxb5 a6 5. bxa6 g6 6. Nc3 Bg7 7. a7 Rxa7 8. e4 O-O 9. Nf3 e6 10. Be2 exd5 11. exd5 d6 12. O-O Na6 13. Nd2 Nc7 14. Nc4 Re8 15. Bf4 Nfxd5 16. Nxd5 Nxd5 17. Qxd5 Rxe2 18. Nxd6 Bd4 19. Qc6 Be6 20. Nb5 Bd5 21. Nxd4 Bxc6 22. Nxe2 Qd5 23. f3 Re7 24. Rfe1 Rxe2 25. Rxe2 Qc4 26. Kf2 Qxf4 27. Kg1 Bb5 28. Rf2 Qe3 29. Rd1 h5 30. a3 g5 31. h3 Kg7 32. Rb1 Kg6 33. Rd1 f6 34. Rd2 h4 35. Kh2 Bd3 36. b3 Qf4+ 37. Kh1 Qe3 38. a4 Kf5 39. Kh2 Qf4+ 40. Kh1 Qe3 41. Kh2 Ke5 42. a5 Ba6 43. Rc2 Kd6 44. Rfd2+ Kc6 45. Rd8 Qxb3 46. Rcd2 Qe6 47. f4 gxf4 48. Rb8 Qe5 49. Rb6+ Kc7 50. Rc2 f3+ 51. Kg1 Qe1+ 52. Kh2 f2 53. Rxc5+ Kd7 54. Rd5+ Ke7 0-1

[Event "Mitropa Cup 2017"]
[Site "Balatonszarszo HUN"]
[Date "2017.09.21"]
[Round "5.3"]
[White "Francesco Sonis"]
[Black "Vincent Keymer"]
[Result "1/2-1/2"]
[EventDate "?"]
[WhiteElo "2453"]
[BlackElo "2419"]
[PlyCount "96"]

1. Nf3 d5 2. c4 c6 3. e3 Nf6 4. Nc3 a6 5. b3 Bf5 6. Bb2 h6 7. d4 e6 8. Bd3 Bxd3 9. Qxd3 Nbd7 10. O-O Bb4 11. Nd2 O-O 12. Rfd1 Be7 13. a4 Rc8 14. e4 dxe4 15. Ndxe4 Qa5 16. d5 cxd5 17. cxd5 exd5 18. Nxd5 Nxd5 19. Qxd5 Qxd5 20. Rxd5 Nb6 21. Re5 Bb4 22. Bd4 Rc6 23. Bxb6 Rxb6 24. Rd1 f5 25. Ng3 g6 26. Ne2 Rc8 27. Nf4 Rd6 28. Red5 g5 29. g3 Rcc6 30. Ne2 Kg7 31. Rxd6 Rxd6 32. Rc1 Kf6 33. Rc4 Rb6 34. Rd4 Bc5 35. Rd5 Rc6 36. Rd7 b6 37. Kg2 Rd6 38. Rxd6+ Bxd6 39. f4 g4 40. Kf1 Bc5 41. Ke1 Ke6 42. Kd2 Kd5 43. Kd3 h5 44. Nc3+ Ke6 45. Ne2 Bf2 46. Nd4+ Kf6 47. Ne2 Kf7 48. Kc4 Ke6 1/2-1/2

[Event "Mitropa Cup 2017"]
[Site "Balatonszarszo HUN"]
[Date "2017.09.20"]
[Round "4.3"]
[White "Vincent Keymer"]
[Black "Joseph G Gallagher"]
[Result "1/2-1/2"]
[EventDate "?"]
[WhiteElo "2419"]
[BlackElo "2433"]
[PlyCount "74"]

1. d4 Nf6 2. c4 g6 3. g3 Bg7 4. Bg2 O-O 5. Nc3 d6 6. Nf3 Nbd7 7. Bf4 c6 8. O-O Qa5 9. Bd2 Qc7 10. Rc1 Re8 11. Qc2 e5 12. d5 Nb6 13. dxc6 bxc6 14. c5 dxc5 15. Ng5 c4 16. Na4 h6 17. Ne4 Nxe4 18. Bxe4 Be6 19. Bf3 e4 20. Bxe4 Bh3 21. Bg2 Bxg2 22. Kxg2 Rxe2 23. Nc3 Bxc3 24. Qxc3 Nd5 25. Qd4 Rd8 26. Bxh6 Ne3+ 27. Bxe3 Rxd4 28. Bxd4 Rd2 29. Bc3 Rd3 30. Rce1 Qd7 31. h4 f5 32. Re5 Kf7 33. Rfe1 Rd1 34. R1e2 Rd5 35. f4 c5 36. a3 Qb7 37. Rxd5 1/2-1/2

[Event "ZMDI Open 2017"]
[Site "Dresden GER"]
[Date "2017.08.05"]
[Round "8.4"]
[White "Vincent Keymer"]
[Black "Momchil Nikolov"]
[Result "1/2-1/2"]
[EventDate "?"]
[WhiteElo "2411"]
[BlackElo "2561"]
[PlyCount "86"]

1. d4 Nf6 2. c4 g6 3. Nc3 Bg7 4. e4 d6 5. f3 O-O 6. Be3 c5 7. Nge2 Nc6 8. d5 Na5 9. b3 a6 10. Rc1 Rb8 11. Ng3 Bd7 12. a3 b5 13. cxb5 axb5 14. b4 cxb4 15. axb4 Nc4 16. Bd4 Bh6 17. Rb1 Rc8 18. Bxc4 Rxc4 19. O-O Qc7 20. Qd3 Ra8 21. Rb3 Bg7 22. Nge2 Qb7 23. Nd1 e6 24. Ne3 exd5 25. Bxf6 Bxf6 26. Nxd5 Be5 27. Ne3 Be6 28. Rbb1 Rc7 29. Rfc1 Rac8 30. Rxc7 Rxc7 31. Nd4 Qb6 32. Rd1 Bc4 33. Qd2 Ra7 34. Qc3 Ra2 35. h3 Be2 36. Kh1 Kg7 37. Nef5+ gxf5 38. Nxf5+ Kf6 39. Qc1 Bf4 40. Qxf4 Bxd1 41. Qh6+ Ke5 42. Qg7+ Ke6 43. Qf8 1/2-1/2

[Event "ZMDI Open 2017"]
[Site "Dresden GER"]
[Date "2017.07.31"]
[Round "3.2"]
[White "Sergei Ovsejevitsch"]
[Black "Vincent Keymer"]
[Result "1-0"]
[EventDate "?"]
[WhiteElo "2602"]
[BlackElo "2411"]
[PlyCount "66"]

1. e4 c5 2. b3 d6 3. Bb2 e5 4. Bb5+ Nc6 5. Ne2 Ne7 6. O-O g6 7. c3 Bg7 8. d4 exd4 9. cxd4 a6 10. Bxc6+ Nxc6 11. Qd2 Qf6 12. Na3 Be6 13. Rab1 cxd4 14. Nc2 O-O 15. Ncxd4 Nxd4 16. Bxd4 Qe7 17. Bxg7 Kxg7 18. Nf4 Rac8 19. Rfe1 Rfd8 20. Re3 Rc5 21. Rd3 Re5 22. Rd4 Rc8 23. h3 Rd8 24. Rc1 Rd7 25. Rc3 f6 26. Rcd3 Bf7 27. f3 g5 28. Ne2 f5 29. Ng3 fxe4 30. fxe4 Be6 31. Rxd6 Rc7 32. Qb2 Bc8 33. R3d5 1-0

[Event "GRENKE Chess Open"]
[Site "Karlsruhe GER"]
[Date "2017.04.17"]
[Round "8.26"]
[White "Vladimir Viktorovich Epishin"]
[Black "Vincent Keymer"]
[Result "1-0"]
[EventDate "2017.04.13"]
[WhiteElo "2574"]
[BlackElo "2400"]
[PlyCount "97"]

1. Nf3 d5 2. e3 Nf6 3. c4 c6 4. Nc3 e6 5. b3 Bd6 6. d4 O-O 7. Bb2 Nbd7 8. Rc1 a6 9. Be2 b6 10. O-O Bb7 11. Rc2 Qe7 12. Qa1 Rfc8 13. Rd1 Ne4 14. Nxe4 dxe4 15. Nd2 c5 16. Nf1 f6 17. Ng3 cxd4 18. Bxd4 Rd8 19. Rcd2 a5 20. Bc3 Nc5 21. Bf1 Bc7 22. Qb1 Rxd2 23. Rxd2 Rd8 24. Rd4 Be5 25. Rxd8+ Qxd8 26. Bxe5 fxe5 27. Qb2 Qd6 28. Ne2 Nd3 29. Qd2 Qf8 30. Nc3 Nc5 31. Be2 Bc6 32. h3 g6 33. Bd1 Qe7 34. Bc2 Kg7 35. Kf1 h5 36. Qd1 Qf8 37. Kg1 Qe7 38. Qb1 Qb7 39. a3 Qa8 40. b4 axb4 41. axb4 Nd3 42. b5 Bb7 43. Bxd3 exd3 44. Qxd3 Qc8 45. Na4 Qc7 46. Qc3 Kh7 47. c5 bxc5 48. Nxc5 Bc8 49. Ne4 1-0

[Event "GRENKE Chess Open"]
[Site "Karlsruhe GER"]
[Date "2017.04.16"]
[Round "6.27"]
[White "Vincent Keymer"]
[Black "Jonas Lampert"]
[Result "1/2-1/2"]
[EventDate "2017.04.13"]
[WhiteElo "2400"]
[BlackElo "2511"]
[PlyCount "65"]

1. d4 d5 2. c4 e6 3. Nc3 Bb4 4. Nf3 dxc4 5. e3 b5 6. a4 c6 7. Bd2 a5 8. axb5 Bxc3 9. Bxc3 cxb5 10. b3 Bb7 11. bxc4 b4 12. Bb2 Nf6 13. Be2 O-O 14. O-O Nbd7 15. Nd2 Qc7 16. c5 Bc6 17. Ra4 Rfd8 18. Bf3 Nd5 19. Ra1 a4 20. e4 Nf4 21. Qc2 Bb5 22. g3 Nh3+ 23. Kg2 Bxf1+ 24. Nxf1 Ng5 25. Rxa4 Nxf3 26. Kxf3 Rxa4 27. Qxa4 f5 28. exf5 exf5 29. Ne3 Nf6 30. Qb5 Qe7 31. Qc4+ Nd5 32. c6 Kf8 33. Qc2 1/2-1/2

[Event "GRENKE Chess Open"]
[Site "Karlsruhe GER"]
[Date "2017.04.16"]
[Round "7.30"]
[White "Dusan Popovic"]
[Black "Vincent Keymer"]
[Result "1/2-1/2"]
[EventDate "2017.04.13"]
[WhiteElo "2523"]
[BlackElo "2400"]
[PlyCount "49"]

1. Nf3 d5 2. g3 c6 3. Bg2 Bg4 4. d3 Nf6 5. O-O Nbd7 6. Nbd2 e5 7. h3 Bh5 8. e4 dxe4 9. dxe4 Bc5 10. Qe1 O-O 11. Nb3 Bb6 12. a4 a5 13. Be3 Re8 14. Nfd2 Bxe3 15. Qxe3 Qb6 16. Qxb6 Nxb6 17. Nc5 Re7 18. f3 Ne8 19. Rfd1 f6 20. b3 Nd6 21. Nf1 Nd7 22. Nxd7 Rxd7 23. Rd3 Rad8 24. Rad1 Be8 25. Ne3 1/2-1/2

[Event "GRENKE Chess Open"]
[Site "Karlsruhe GER"]
[Date "2017.04.14"]
[Round "3.13"]
[White "Vincent Keymer"]
[Black "Marin Bosiocic"]
[Result "0-1"]
[EventDate "2017.04.13"]
[WhiteElo "2400"]
[BlackElo "2610"]
[PlyCount "168"]

1. d4 Nf6 2. c4 e6 3. Nf3 b6 4. g3 Ba6 5. Nbd2 d5 6. Qc2 Be7 7. Bg2 O-O 8. O-O c5 9. dxc5 bxc5 10. Ne5 Bd6 11. Nd3 Nc6 12. b3 e5 13. cxd5 Nd4 14. Qd1 e4 15. Nxe4 Nxe4 16. Bxe4 Re8 17. Bf3 Nxf3+ 18. exf3 Qf6 19. Be3 Qf5 20. Ne1 Bxf1 21. Kxf1 Qh3+ 22. Kg1 Re5 23. f4 Rh5 24. Nf3 Rd8 25. Rc1 Be7 26. Qf1 Qxf1+ 27. Kxf1 Rhxd5 28. Ke2 h6 29. h4 Re8 30. Kf1 Bf8 31. Rc4 Rd1+ 32. Kg2 Re6 33. Ra4 Rd7 34. Ne5 Rb7 35. Nd3 Rc6 36. Ne5 Rc8 37. Ra6 Be7 38. Nc6 Rbc7 39. Rxa7 Rxa7 40. Nxa7 Ra8 41. Nc6 Bd6 42. a4 f6 43. Bd2 Kf7 44. Na5 Ke6 45. Nc4 Bc7 46. Na3 Ba5 47. Bxa5 Rxa5 48. Nb5 Kd7 49. Kf3 f5 50. Ke3 Ra8 51. Kd2 Re8 52. Na3 Kc6 53. Nc2 Rd8+ 54. Kc3 Rd1 55. Ne3 Rc1+ 56. Kb2 Re1 57. Nxf5 Re2+ 58. Ka3 Rxf2 59. Nxg7 Rf3 60. Nf5 h5 61. Kb2 Kb6 62. Kc2 Ka5 63. Ne7 Rxg3 64. Nc6+ Kb6 65. Ne5 Rh3 66. Nd7+ Kc6 67. Ne5+ Kd5 68. a5 Rxh4 69. a6 Rh2+ 70. Kb1 Rg2 71. a7 Rg8 72. Nd7 Kc6 73. Nf6 Ra8 74. Nxh5 Rxa7 75. Ng3 Re7 76. Kc2 Kb5 77. Nf5 Re1 78. Kc3 Rf1 79. Nd6+ Kc6 80. Nc4 Rf3+ 81. Kc2 Rxf4 82. Ne3 Rf3 83. Nd1 Kb5 84. Nb2 Kb4 0-1

[Event "13th Vandoeuvre Open"]
[Site "Vandoeuvre les Nancy FRA"]
[Date "2016.12.18"]
[Round "3.3"]
[White "Dennis Wagner"]
[Black "Vincent Keymer"]
[Result "1-0"]
[EventDate "2016.12.17"]
[WhiteElo "2548"]
[BlackElo "2415"]
[PlyCount "94"]

1. Nf3 d5 2. g3 c6 3. Bg2 Nf6 4. O-O Bg4 5. c4 e6 6. d3 Nbd7 7. cxd5 exd5 8. Nc3 Bd6 9. Qc2 O-O 10. e4 dxe4 11. dxe4 Qc7 12. Nd4 Rfe8 13. Be3 Nb6 14. h3 Bd7 15. Rad1 Rad8 16. Rfe1 Bc8 17. f4 Bb4 18. Bf2 a6 19. a3 Be7 20. Kh2 c5 21. Nf5 Bxf5 22. exf5 Bf8 23. Rxe8 Rxe8 24. Qd3 Be7 25. Qf3 Nc4 26. a4 b6 27. Qe2 Nd6 28. g4 Bf8 29. Qxa6 Nde4 30. Bxe4 Nxe4 31. Nd5 Qc6 32. Be3 Nf6 33. Nxf6+ Qxf6 34. Bc1 h5 35. Kg3 h4+ 36. Kh2 Re4 37. Qa8 Qe7 38. Rg1 Rc4 39. Qf3 Rxa4 40. Bd2 Qd6 41. Rg2 Qc7 42. g5 Bd6 43. Rf2 Rd4 44. g6 fxg6 45. fxg6 Be7 46. Qh5 Bf6 47. Re2 Kf8 1-0

[Event "Heusenstamm Schloss Open"]
[Site "Heusenstamm GER"]
[Date "2016.11.27"]
[Round "6.4"]
[White "Vincent Keymer"]
[Black "Vitaly Kunin"]
[Result "0-1"]
[EventDate "2016.11.24"]
[WhiteElo "2419"]
[BlackElo "2590"]
[PlyCount "218"]

1. d4 Nf6 2. c4 e6 3. Nf3 b6 4. g3 Ba6 5. Nbd2 c5 6. e4 cxd4 7. e5 Ng8 8. Bg2 Nc6 9. O-O Nge7 10. b4 Bb7 11. b5 Na5 12. Bb2 Nf5 13. Nxd4 Bxg2 14. Kxg2 Nxd4 15. Bxd4 Rc8 16. Rc1 Ba3 17. Rc2 O-O 18. Qf3 Bb4 19. Ne4 Rxc4 20. Rxc4 Nxc4 21. Qb3 Nd2 22. Qxb4 Nxe4 23. f3 Nc5 24. Bxc5 bxc5 25. Qxc5 Qa5 26. Qc4 d5 27. exd6 Qd2+ 28. Rf2 Qxd6 29. a4 Qb6 30. Rc2 Qa5 31. h4 h5 32. Rc3 Rd8 33. Kh3 Rd5 34. Qb3 Kh7 35. Qc2+ g6 36. Re3 Rd2 37. Qc3 Qd8 38. Qc4 Rd4 39. Qc2 Rd2 40. Qc4 Rd4 41. Qc2 Qd5 42. Re4 Rd2 43. Qc3 Qa2 44. g4 Rh2+ 45. Kg3 Qf2+ 46. Kf4 hxg4 47. Ke5 Qg3+ 48. Kf6 Rf2 49. Ke7 Rxf3 50. Qc5 Qxh4+ 51. Ke8 Qf2 52. Qc7 Rf5 53. Rxg4 Kg7 54. Qc3+ Kg8 55. Rd4 Rd5 56. Rxd5 exd5 57. Qc7 Qe3+ 58. Qe7 d4 59. a5 Qxe7+ 60. Kxe7 d3 61. b6 axb6 62. axb6 d2 63. b7 d1=Q 64. b8=Q+ Kh7 65. Kxf7 Qd7+ 66. Kf6 Qf5+ 67. Ke7 g5 68. Qh2+ Kg7 69. Qb2+ Kg6 70. Qb6+ Kh5 71. Qd4 g4 72. Qh8+ Kg5 73. Qg7+ Kf4 74. Kd6 g3 75. Qd4+ Qe4 76. Qd2+ Qe3 77. Qb4+ Qe4 78. Qd2+ Kg4 79. Qd1+ Qf3 80. Qc2 g2 81. Qg6+ Kh3 82. Qh6+ Kg3 83. Qg6+ Kh2 84. Qh6+ Qh3 85. Qd2 Qg3+ 86. Kd7 Qg4+ 87. Kc7 Qg7+ 88. Kd8 Qf6+ 89. Kd7 Qf7+ 90. Kd8 Qf8+ 91. Kd7 Qf5+ 92. Kd8 Qf6+ 93. Kd7 Qg7+ 94. Kd8 Qh8+ 95. Kd7 Qh7+ 96. Kd8 Qh4+ 97. Kd7 Qf6 98. Qc2 Qf7+ 99. Kd8 Qd5+ 100. Kc8 Qe6+ 101. Kd8 Qb6+ 102. Kc8 Qa7 103. Qd2 Qc5+ 104. Kd7 Qb5+ 105. Kd8 Qb8+ 106. Kd7 Qf8 107. Qc2 Qg7+ 108. Kc8 Kh3 109. Qd3+ Kh4 0-1